| 000 | 00653nam a22002177a 4500 | ||
|---|---|---|---|
| 003 | BUBTL | ||
| 008 | 221118b ||||| |||| 00| 0 eng d | ||
| 020 | _a9847002006514 | ||
| 050 | _a822.3/ J738v/ 2019 | ||
| 100 |
_94934 _aJonson, Ben |
||
| 245 |
_aVolpone or, The Fox _cBen Jonson |
||
| 250 | _a1st Edn. | ||
| 260 |
_aDhaka _bFriends' Book Corner _cc2019 |
||
| 300 |
_axxxiv, 254 p.: _c19 cm |
||
| 440 |
_94221 _aFriends' Classics |
||
| 505 | _aVolpone or The Fox, Ben Jonson, Friends' Classics | ||
| 650 | 0 |
_91994 _aEnglish Literature |
|
| 856 |
_k0 _l0 _yDownload |
||
| 942 |
_2ddc _cBK |
||
| 999 |
_c6809 _d6809 |
||